000 00495nam a2200181Ia 4500
005 20250508161836.0
008 008 250505s9999 xx 000 0 eng d
037 _aTextual
040 _aFEDL
_beng
_cFEDL
041 _aeng
_2eng
084 _a001.642, SCI
_qFEDL
245 0 _aComputer concepts
260 _aChicago, USA
_bScience Research Associates
_c1970
300 _a354p.
650 _aComputer Science
942 _cTEXL
_h001.642, SCI
999 _c1372591
_d1372591